| 000 | 00930nam a22002057a 4500 | ||
|---|---|---|---|
| 999 |
_c7139 _d7139 |
||
| 003 | AR-CdUCM | ||
| 008 | 190320b ||||| |||| 00| 0 spa d | ||
| 040 |
_aMUNICIPALIDAD PROVINCIAL DEL CUSCO _cBIBLIOTECA MUNICIPAL DEL CUSCO |
||
| 082 |
_a621.7 / _bA93 |
||
| 100 |
_aAyala, A. Jorge _920123 |
||
| 245 | _aTrazado y calculo de Cadereria / | ||
| 260 |
_aBilbao : _bUrmo , _c1975. |
||
| 300 |
_a379 páginas ; _c30.5 cm. |
||
| 505 | _aContenido : La Elipse -- Cuerpos Cilindricos -- Conos -- Injertos Cilindricos -- Intersecciones de conos con cilindros -- Interseccion de cilindros en conos -- Transformadores -- Prismas -- Hélices -- Transformadores -- Conos, piezas elipticas - piezas de dos vias -- Números y cuadrados -- Longitudes de circunferencias... | ||
| 650 |
_aCalculo y Dibujo _920124 |
||
| 650 |
_aTrigonometria Aplicada _920125 |
||
| 650 |
_aMatemáticas Aplicadas _920126 |
||
| 942 |
_2ddc _cLIBROS |
||
| 945 | _artm | ||